000 00359nam a2200145Ia 4500
001 2520
008 241024s9999 xx 000 0 und d
020 _a978-9945-020-54-0
082 _aRD/864.44/B598l/V.68/2
100 _aHipólito Billini
245 0 _aEnsayos 2 : Ensayos
260 _bEd. Búho
_c2008
901 _a20/9/2012 11:37:23 a.m.
999 _c7737
_d7737